| 000 | 00356nam a22001337a 4500 | ||
|---|---|---|---|
| 008 | 250314b |||||||| |||| 00| 0 eng d | ||
| 020 | _a9783527347117 | ||
| 050 |
_aQD412.1 _b.O74 |
||
| 100 | _aSzabo Kalman J | ||
| 245 | _aOrganofluorine Chemistry; Synthesis Modeling $ Application | ||
| 260 |
_aGermany _bWiley VCH _c2021 |
||
| 300 | _aXV,448P | ||
| 942 | _cBK | ||
| 999 |
_c2320 _d2320 |
||